000 00829nam a2200253Ia 4500
003 OSt
005 20220923212616.0
006 a|||||r|||| 00| 0
007 ta
008 220922b |||||||| |||| 00| 0 hin d
024 _a154,513
037 _cTextual
040 _aARTS
_cARTS
_bhin
041 _2hin
_ahin
082 _aO152xN5, M3
100 _aमाचवे, प्रभाकर, संपा.
_9156370
245 0 _aरेती के रात दिन
246 _aRetī ke rāt dina
260 _aबीकानेर
_b सुरजीत प्रकाशन
_c1983
300 _a160 पृ.
_ccm.
650 _aहिन्दी साहित्य
_9156264
942 _hO152xN5, M3
_cTEXL
_2CC
999 _c310135
_d310135